000 00440nam a2200181Ia 4500
001 9599
005 20260306161730.0
008 260306t2007||||xx |||||||||||||| ||spa||
041 _aESP
082 _a382.6
_bC76
100 _aBrasil. Ministerio de Relaciones Exteriores
_eAUT
245 0 _aComo exportar a Brasil
260 _c2007
300 _a185 páginas :
_c24 cm.
650 _aGEN
654 _aCAN
942 _cLIB
_dJUS
_fJUS
_2ddc
_n
999 _c9599
_d9599